00642nam a2200157 a 450000500170000000800410001702000180005805000230007610000140009924501430011326000400025665000340029694200080033099900190033895201270035720140414093843.0090320s19uu xx uuu eng d a05-210-1335-6 aCT 420.7bCAM 2002 aCambridge aCambridge IELTS - 3 with answers edition :bexamination papers from the University of Cambridge Local Examinations Syndicate /cCambridge. bCambridge University Press,cc2002. aEnglish as a second language. cAVM c109426d109426 00104050aLUXbLUXcAVd2009-03-20eI.B Fundg892.00l0oCT 420.7 CAM 2002pAV1067r2014-04-14 00:00:00w2014-04-14yAVM